La estructura familiar en los sectores populares urbanos. El machismo en los dos sexos / Lucero Zamudio, Hernando Clavijo, Jorge Gissi (Registro nro. 32600)
[ vista simple ]
| 000 -LÍDER | |
|---|---|
| Campo fijo de descripción fija | 013420000a22002050004500 |
| 041 0# - CÓDIGO DE IDIOMA | |
| Código de idioma para texto/pista de sonido o título separado | |
| 082 04 - NÚMERO DE CLASIFICACIÓN DECIMAL DEWEY | |
| Número de clasificación | G 173 Z26e |
| 001 - NÚMERO DE CONTROL | |
| Campo de control | 1277 |
| 100 1# - ASIENTO PRINCIPAL--NOMBRE PERSONAL | |
| Nombre personal | Zamudio, Lucero |
| 245 10 - TÍTULO | |
| Título del Material | La estructura familiar en los sectores populares urbanos. El machismo en los dos sexos / Lucero Zamudio, Hernando Clavijo, Jorge Gissi |
| 260 ## - PUBLICACIÓN, DISTRIBUCIÓN, ETC. (PIE DE IMPRENTA) | |
| Lugar de publicación, distribución, etc. | Bofotá, Colombia : CENPAFAL |
| 300 ## - DESCRIPCIÓN FÍSICA | |
| Extensión | 99 Pag. |
| 336 ## - CONTENT TYPE | |
| Content type term | texto |
| Content type code | txt |
| Source | rdacontent |
| 337 ## - MEDIA TYPE | |
| Source | rdamedia |
| Media type term | sin mediación |
| Media type code | n |
| 338 ## - CARRIER TYPE | |
| Source | rdacarrier |
| Carrier type term | volumen |
| Carrier type code | nc |
| 500 ## - NOTA GENERAL | |
| Nota General | Primer concurso CENPAFAL acerca de la Situación de la Familia Latinoamericana patrocinado por ADVENIAT (Alemania) |
| 505 00 - NOTA DE CONTENIDO | |
| Nota de contenido con formato preestablecido | conformación histórica de la población analizada --La estructura familiar en los sectores populares urbanos -- estructura familiar -- la familia extensa en la estructura económica -- la familia extensa ante el poder y los valores -- las relaciones familiares al interior del clan -- perspectivas de la familia extensa en los sectores populares urbanos -- metodología utilizada en la observación participante y las entrevistas -- el machismo en los dos sexos -- la socialización machista -- el machismo en la cultura latinoamericana de la pobreza -- el machismo de ambos sexos en chile |
| 650 14 - ASIENTO SECUNDARIO DE MATERIA - TERMINO TEMÁTICO | |
| Término temático o nombre geográfico como elemento de entrada | FAMILIA - ESTRUCTURA SOCIAL - AMERICA LATINA \ MACHISMO - AMERICA LATINA |
| 942 ## - TIPO DE MATERIAL (KOHA) | |
| Tipo de Item KOHA | Libros General |
| Estado de Material | Estado de Perdido | Estado de Dañado | No para Préstamo | Colección | Tomo | Biblioteca de Origen | Biblioteca Permanente | Fecha de Adquisición | Total de Préstamos | Signatura Topográfica | Código de Barras | Última vez visto | Última vez Préstado | Ejemplar/Existencia | Fecha de Remplazo | Tipo de Material |
|---|---|---|---|---|---|---|---|---|---|---|---|---|---|---|---|---|
| Colección General | Biblioteca FUSBC | Biblioteca FUSBC | 12/10/2004 | 1 | G 173 Z26e | 744 | 12/12/2019 | 06/08/2016 | 1 | 26/01/2016 | Libros General |
